|
|
|
|
| LEADER |
01198nam a2200325 a 4500 |
| 001 |
AAL3958 |
| 003 |
BD-DhAAL |
| 005 |
20160426113520.0 |
| 008 |
090914s1998 ctua b 000 0 eng d |
| 020 |
|
|
|a 0697412806
|
| 022 |
|
|
|a 02725010
|
| 040 |
|
|
|a NJP
|c NJP
|d BSC
|d BD-DhAAL
|
| 082 |
0 |
0 |
|a 155.4
|2 19
|
| 245 |
0 |
0 |
|a Annual editions :
|b human development 98/99 /
|c Fred Schultz, editor.
|
| 246 |
3 |
0 |
|a human development 1998/99.
|
| 250 |
|
|
|a 26th ed.
|
| 260 |
|
|
|a Guilford, Conn. :
|b Dushkin/McGraw-Hill,
|c c1998.
|
| 300 |
|
|
|a x, 258 p. :
|b ill. ;
|c 28 cm.
|
| 490 |
0 |
|
|a Annual editions series ;
|v 25
|
| 500 |
|
|
|a Previous editions have title: Annual editions : readings in education.
|
| 504 |
|
|
|a Includes bibliographical references and index.
|
| 541 |
1 |
|
|e 3958
|
| 650 |
|
|
|a Child development.
|9 19273
|
| 650 |
|
|
|a Developmental psychology.
|9 19274
|
| 700 |
1 |
|
|a Schultz, Fred.
|9 19272
|
| 740 |
0 |
1 |
|a Annual editions : readings in education.
|
| 852 |
4 |
|
|a Savar Campus Library
|j General Shelf.
|
| 942 |
|
|
|2 ddc
|c BK
|
| 999 |
|
|
|c 37485
|d 37485
|
| 952 |
|
|
|0 0
|1 0
|2 ddc
|4 0
|6 155_400000000000000_ANN
|7 0
|9 58854
|a SCL
|b SCL
|c GEN
|d 2016-04-26
|l 0
|o 155.4 ANN
|p 3020003958
|r 2016-04-26
|t 1
|w 2016-04-26
|y BK
|